Nba Starting Five by last name current pt.2 - Statistics

General Stats
  • This quiz has been taken 34 times
  • The average score is 15 of 50
Answer Stats
Hint Answer % Correct
SG Anthony Edwards
60%
SF Kessler Edwards
60%
PG Damian Lillard
56%
SG James Harden
56%
C Joel Embiid
56%
PG Kyrie Irving
56%
C Nikola Vucevic
52%
SF Brandon Ingram
48%
SF Duncan Robinson
48%
PG Fred Vanvleet
48%
SF Kawhi Leonard
48%
C Mitchell Robinson
48%
PF Al Horford
44%
PF Julius Randle
44%
SF Tobias Harris
44%
SG D'Angelo Russell
40%
PF Jonas Valanciunas
40%
PG Jrue Holiday
40%
C Jusuf Nurkic
40%
SG Kevin Porter Jr
40%
SF Michael Porter Jr
40%
PF Otto Porter Jr
40%
C Brook Lopez
36%
PG Chris Paul
36%
C Kristaps Porzingis
36%
PG De'Aaron Fox
32%
SG Evan Fournier
28%
C Serge Ibaka
28%
SG Zach Lavine
28%
SF Jarred Vanderbilt
24%
SG Joe Ingles
24%
PG Kendrick Nunn
20%
PF Larry Nance Jr
20%
PG Derrick Rose
16%
SG Devin Vassell
16%
SG Furkan Korkmaz
16%
PF Jonathan Isaac
16%
C Montrezl Harrell
16%
PF Kevin Love
12%
C Bruno Fernando
8%
PG CJ Elleby
8%
PF Derrick Favors
8%
SF Dorian Finney-Smith
8%
PF Drew Eubanks
8%
SG Jaylen Nowell
8%
PG Luke Kennard
8%
PF Maxi Kleber
8%
SF David Nwaba
4%
C Frank Kaminsky
4%
SF Kyle Kumza
4%
No matching quizzes found
Score Distribution
Percent of People with Each Score
Percentile by Number Answered
Your Score History
You have not taken this quiz